00588nam a2200193 a 450000100060000000300080000600500170001400800410003103500190007204000270009104100080011808200270012624500600015326000360021330000430024950400390029265000360033170000270036773391BD-RjUL20211209082405.0170530s1970 nyua b 001 0 eng  a(BD-RjUL)73609 aDLCcDLCdBD-RjULbeng aeng00a621.3848223bRAD 197000aRadar handbook. /cEditor-in-chief: Merrill I. Skolnik. aNew York :bMcGraw-Hill,c1970. ax, (various pagings) :bill. ;c24 cm. aIncludes index and bibliographies. 0aRadarxHandbooks, manuals, etc. aSkolnik, Merrill Ivan,